| 000 | 00990nam a2200241 a 4500 | ||
|---|---|---|---|
| 005 | 20241203063744.0 | ||
| 008 | 140626s2007 es r 000 0 spa d | ||
| 020 | _a9788426136190 | ||
| 035 | _aUPN01000198398 | ||
| 049 | _aI | ||
| 050 | 4 |
_aQL49 _bB4.6 |
|
| 100 | 1 |
_aBertolucci, Cristiano, _d1967- _935769 |
|
| 245 | 1 | 0 |
_aPasado y presente : _blos animales que poblaron en épocas pasadas, Africa, Europa, las islas Hawái, Indonesia y América del Norte y los que podemos encontrar hoy en día / _cCristiano Bertolucci, Francesco Milo ; il. Ferruccio Cucchiarini ; tr. Raquel Solá García. |
| 260 |
_aBarcelona, Esp. : _bJuventud, _c2007. |
||
| 300 |
_a27 p. : _bil. col. |
||
| 534 |
_pTítulo original : _tIeri e Oggi |
||
| 650 | 7 |
_aAnimales _vLiteratura infantil _2 _91061 |
|
| 650 | 4 |
_aDinosaurios _vLiteratura infantil _99370 |
|
| 650 | 4 |
_aZOOLOGIA - _vLITERATURA INFANTIL _911352 |
|
| 700 | 1 |
_aMilo, Francesco, _d1962- _ecoaut. _935964 |
|
| 905 | _aInfantil | ||
| 999 |
_c170499 _d170499 |
||